00708nam a22001937a 4500999001900000003000500019020002300024038001000047082001700057100003600074245005100110260005100161300001300212880005100225880004500276880008600321942001200407952009500419 c526754d526754NUST a969-411-144-7qPBK aFaiza a891.421bHUS aHussain, Abul Tahir Fida917751 aKuliat e Khush Taba /cAbul Tahir Fida Hussain aLahore :bPakistan Punjabi adabi board,c1994. a110 p. ; 6100-01\raابوالطاہر فدا حُسین 6245-02\raکُلیاتِ خوش طبع / 6260-03\raلاہور :bپاکستان پنجابی ادبی بورڈ,c۱۹۹۴. 2ddccBK 00102ddc4070aCLbCLd2019-07-16l0o891.421 HUSpCL-E-1373r2019-07-16w2019-07-16yBK